000 00736cam a22002531a 4500
001 ne 68000915
003 DLC
005 20260227111839.0
008 820217s1967 fr 000 0 fre
010 _ane 68000915
035 _a(OCoLC)8160976
040 _aDLC
_cIU
_dDLC
041 0 _afreara
042 _apremarc
050 0 0 _aPC2129.A7
_bM6
100 1 _aMorcos, Fouad,
_d1919-
245 1 0 _aComment traduire /
_c[par] Fouad Morcos, Gamil Farag [et] Yéhia Saad.
260 _aLe Caire :
_bLivres de France,
_c1967.
300 _a374 p. ;
_c24 cm.
500 _aFrench and Arabic.
650 0 _aFrench language
_xTextbooks for foreign speakers
_xArabic.
700 1 _aFarag, Gamil,
_d1922-
700 1 _aSaad, Yéhia,
_d1919-
999 _c50193
_d50193